000 00770cam a22002293a 4500
001 23259
003 PGUSA
005 20140828083508.0
008 071031s2007||||xxu|||||s|||||000 | eng d
040 _aPGUSA
_beng
042 _adc
050 4 _aQL
100 1 _aFarnham, Albert Burton,
_d1870-
245 1 0 _aHome Taxidermy for Pleasure and Profit :
_bA Guide for Those Who Wish to Prepare and Mount Animals, Birds, Fish, Reptiles, etc., for Home, Den, or Office Decoration
_h[electronic resource] /
_cAlbert Burton Farnham
260 _bProject Gutenberg,
_c2007
506 _aPublic domain in the USA.
516 _aElectronic text
653 _aTaxidermy
830 0 _aProject Gutenberg
_v23259
856 4 0 _uhttp://www.gutenberg.org/ebooks/23259
942 _cEB
999 _c252514
_d252514